[Event "EUCC 2023 - U12"]
[Site "Kouty nad Desnou"]
[Date "2023.08.22"]
[Round "7.9"]
[White "Janouskova, Eliska"]
[Black "Gailevska, Milana"]
[Result "0-1"]
[BlackElo "1245"]
[WhiteElo "1398"]
[LiveChessVersion "1.4.8"]

1. e4 {[%clk 1:30:57]} e6 {[%clk 1:30:31]} 2. d4 {[%clk 1:31:10]} d5
{[%clk 1:30:54]} 3. Nd2 {[%clk 1:31:11]} dxe4 {[%clk 1:30:49]} 4. Nxe4
{[%clk 1:31:20]} Bd7 {[%clk 1:31:08]} 5. Nf3 {[%clk 1:29:36]} Bc6
{[%clk 1:30:11]} 6. Bd3 {[%clk 1:28:48]} Nd7 {[%clk 1:30:07]} 7. Qe2
{[%clk 1:25:40]} Ngf6 {[%clk 1:28:07]} 8. Bg5 {[%clk 1:22:01]} Be7
{[%clk 1:27:26]} 9. Nxf6+ {[%clk 1:16:53]} Bxf6 {[%clk 1:27:23]} 10. Bxf6
{[%clk 1:15:34]} Nxf6 {[%clk 1:27:27]} 11. O-O-O {[%clk 1:11:26]} Qd6
{[%clk 1:24:50]} 12. Rhe1 {[%clk 1:03:21]} Qf4+ {[%clk 1:21:26]} 13. Qe3
{[%clk 0:54:20]} Qxe3+ {[%clk 1:20:58]} 14. Rxe3 {[%clk 0:53:09]} Ng4
{[%clk 1:19:46]} 15. Re2 {[%clk 0:52:45]} Bxf3 {[%clk 1:19:40]} 16. gxf3
{[%clk 0:53:10]} Nf6 {[%clk 1:19:39]} 17. Rg1 {[%clk 0:44:30]} g6
{[%clk 1:19:10]} 18. Rg5 {[%clk 0:42:21]} O-O-O {[%clk 1:18:08]} 19. c3
{[%clk 0:41:40]} h6 {[%clk 1:15:06]} 20. Rg1 {[%clk 0:37:40]} c5 {[%clk 1:14:40]}
21. Rc2 {[%clk 0:29:53]} Kb8 {[%clk 1:14:08]} 22. Bb5 {[%clk 0:24:51]} cxd4
{[%clk 1:14:07]} 23. Re1 {[%clk 0:24:05]} dxc3 {[%clk 1:13:56]} 24. Rxc3
{[%clk 0:24:07]} Rc8 {[%clk 1:13:53]} 25. Rxc8+ {[%clk 0:23:49]} Rxc8+
{[%clk 1:14:04]} 26. Kb1 {[%clk 0:23:49]} a6 {[%clk 1:14:20]} 27. Bd3
{[%clk 0:22:45]} Rc5 {[%clk 1:13:07]} 28. h3 {[%clk 0:20:30]} Rh5
{[%clk 1:10:29]} 29. Bf1 {[%clk 0:19:04]} Nd5 {[%clk 1:10:09]} 30. Re4
{[%clk 0:15:23]} g5 {[%clk 1:10:01]} 31. Rg4 {[%clk 0:15:18]} f5 {[%clk 1:08:28]}
32. Rg3 {[%clk 0:14:42]} Rh4 {[%clk 1:08:33]} 33. Kc2 {[%clk 0:13:12]} Nb4+
{[%clk 1:08:29]} 34. Kb3 {[%clk 0:12:50]} b5 {[%clk 1:07:26]} 35. a3
{[%clk 0:11:30]} Nc6 {[%clk 1:07:43]} 36. Kc3 {[%clk 0:11:02]} Rf4
{[%clk 1:07:28]} 37. Be2 {[%clk 0:09:59]} Ne5 {[%clk 1:06:17]} 38. Kd2
{[%clk 0:07:01]} Kc7 {[%clk 1:05:49]} 39. b3 {[%clk 0:06:22]} Kb6
{[%clk 1:04:37]} 40. Ke3 {[%clk 0:03:56]} Rh4 {[%clk 1:02:59]} 41. Kd2
{[%clk 0:01:29]} Kc5 {[%clk 1:02:52]} 42. b4+ {[%clk 0:01:09]} Kd5
{[%clk 1:01:12]} 43. Rg1 {[%clk 0:00:43]} Rxh3 {[%clk 1:01:02]} 44. Rc1
{[%clk 0:00:40]} Nxf3+ {[%clk 1:00:30]} 45. Bxf3+ {[%clk 0:01:05]} Rxf3
{[%clk 1:00:49]} 46. Rc5+ {[%clk 0:00:55]} Kd6 {[%clk 1:01:05]} 47. Ke2
{[%clk 0:00:56]} Rxa3 {[%clk 1:01:22]} 48. Rc8 {[%clk 0:01:13]} h5
{[%clk 1:01:38]} 49. Rh8 {[%clk 0:01:06]} h4 {[%clk 1:01:28]} 50. Rh5
{[%clk 0:01:26]} g4 {[%clk 1:01:18]} 51. Rxh4 {[%clk 0:01:43]} Rb3 0-1

[Event "EUCC 2023 - U12"]
[Site "Kouty nad Desnou"]
[Date "2023.08.22"]
[Round "7.10"]
[White "Kozdon, Marek"]
[Black "Prochazka, Michal"]
[Result "1/2-1/2"]
[BlackElo "1391"]
[WhiteElo "1233"]
[LiveChessVersion "1.4.8"]

1. d4 {[%clk 1:30:48]} Nf6 {[%clk 1:30:51]} 2. c4 {[%clk 1:30:45]} c5
{[%clk 1:30:25]} 3. d5 {[%clk 1:30:19]} b5 {[%clk 1:30:38]} 4. cxb5
{[%clk 1:29:23]} a6 {[%clk 1:30:47]} 5. e3 g6 {[%clk 1:29:22]} 6. Nc3
{[%clk 1:23:31]} Bg7 {[%clk 1:29:16]} 7. Nf3 {[%clk 1:21:44]} O-O
{[%clk 1:28:08]} 8. d6 {[%clk 1:12:52]} e6 {[%clk 1:11:40]} 9. Be2
{[%clk 1:03:47]} Qb6 {[%clk 0:54:33]} 10. Na4 {[%clk 0:53:32]} Qd8
{[%clk 0:41:22]} 11. O-O {[%clk 0:47:00]} axb5 {[%clk 0:40:13]} 12. Nxc5
{[%clk 0:40:42]} Qb6 {[%clk 0:39:48]} 13. Qc2 {[%clk 0:31:37]} Nc6
{[%clk 0:37:44]} 14. Bd2 {[%clk 0:26:44]} Ne8 {[%clk 0:31:22]} 15. Rfd1
{[%clk 0:21:20]} Nxd6 {[%clk 0:27:56]} 16. a3 {[%clk 0:10:53]} Nf5
{[%clk 0:24:56]} 17. Ne4 {[%clk 0:07:59]} d5 {[%clk 0:19:21]} 18. Ng3
{[%clk 0:08:06]} Nce7 {[%clk 0:16:44]} 19. Bb4 {[%clk 0:06:58]} Re8
{[%clk 0:07:55]} 20. Rac1 {[%clk 0:06:42]} Bd7 {[%clk 0:06:17]} 1/2-1/2

[Event "EUCC 2023 - U12"]
[Site "Kouty nad Desnou"]
[Date "2023.08.22"]
[Round "7.11"]
[White "Ben Ayed, Rayen"]
[Black "Vancakova, Veronika"]
[Result "0-1"]
[BlackElo "1576"]
[WhiteElo "1248"]
[LiveChessVersion "1.4.8"]

1. Nf3 {[%clk 1:30:55]} Nf6 {[%clk 1:30:54]} 2. g3 {[%clk 1:31:18]} g6
{[%clk 1:31:19]} 3. Bg2 {[%clk 1:31:43]} Bg7 {[%clk 1:31:43]} 4. O-O
{[%clk 1:32:05]} O-O {[%clk 1:32:09]} 5. d4 {[%clk 1:32:25]} d6 {[%clk 1:32:25]}
6. Re1 {[%clk 1:32:06]} Nbd7 {[%clk 1:32:00]} 7. e4 {[%clk 1:31:19]} e5
{[%clk 1:32:21]} 8. d5 {[%clk 1:31:25]} h6 {[%clk 1:32:16]} 9. h3
{[%clk 1:31:27]} Ne8 {[%clk 1:30:15]} 10. c4 {[%clk 1:27:39]} a5 {[%clk 1:29:51]}
11. Nh4 {[%clk 1:21:40]} Nc5 {[%clk 1:29:08]} 12. Nc3 {[%clk 1:20:47]} Kh7
{[%clk 1:25:58]} 13. Be3 {[%clk 1:10:32]} f5 {[%clk 1:19:22]} 14. Bxc5
{[%clk 1:09:18]} dxc5 {[%clk 1:19:14]} 15. Qd2 {[%clk 1:05:40]} f4
{[%clk 1:16:02]} 16. g4 {[%clk 1:02:56]} Qxh4 {[%clk 1:16:14]} 17. f3
{[%clk 1:00:43]} h5 {[%clk 1:14:49]} 18. Bf1 {[%clk 0:58:10]} hxg4
{[%clk 1:12:21]} 19. hxg4 {[%clk 0:57:27]} Qg3+ {[%clk 1:08:58]} 20. Qg2
{[%clk 0:57:35]} Qxg2+ {[%clk 1:08:49]} 0-1

[Event "EUCC 2023 - U12"]
[Site "Kouty nad Desnou"]
[Date "2023.08.22"]
[Round "7.12"]
[White "Polackova, Eva"]
[Black "Stricova, Julia Nela"]
[Result "1/2-1/2"]
[BlackElo "1091"]
[WhiteElo "1240"]
[LiveChessVersion "1.4.8"]

1. e4 {[%clk 1:30:58]} e5 {[%clk 1:30:53]} 2. Nf3 {[%clk 1:31:11]} Nc6
{[%clk 1:31:14]} 3. c4 {[%clk 1:30:41]} Bc5 {[%clk 1:30:55]} 4. Nc3
{[%clk 1:30:12]} Nf6 {[%clk 1:31:14]} 5. Nxe5 {[%clk 1:29:53]} Nxe5
{[%clk 1:31:34]} 6. d4 {[%clk 1:30:15]} Bb4 {[%clk 1:28:15]} 7. dxe5
{[%clk 1:28:13]} Bxc3+ {[%clk 1:27:28]} 8. bxc3 {[%clk 1:25:52]} Nxe4
{[%clk 1:27:39]} 9. Qf3 {[%clk 1:24:01]} Ng5 {[%clk 1:23:44]} 10. Qg3
{[%clk 1:22:24]} Ne6 {[%clk 1:23:15]} 11. Be2 {[%clk 1:18:55]} d6
{[%clk 1:19:28]} 12. exd6 {[%clk 1:16:48]} Qxd6 {[%clk 1:19:44]} 13. Qxd6
{[%clk 1:14:26]} cxd6 {[%clk 1:20:07]} 14. Ba3 {[%clk 1:12:51]} Nc5
{[%clk 1:19:59]} 15. Rd1 {[%clk 1:09:24]} Ke7 {[%clk 1:19:04]} 16. O-O
{[%clk 1:06:20]} Be6 {[%clk 1:18:13]} 17. Rfe1 {[%clk 1:05:39]} Rhe8
{[%clk 1:17:32]} 18. Bf3 {[%clk 1:04:36]} Rab8 {[%clk 1:16:53]} 19. h3
{[%clk 0:57:22]} b6 {[%clk 1:13:58]} 1/2-1/2

[Event "EUCC 2023 - U12"]
[Site "Kouty nad Desnou"]
[Date "2023.08.22"]
[Round "7.13"]
[White "Peglau, Lorena"]
[Black "Wang, Simon"]
[Result "0-1"]
[BlackElo "1517"]
[WhiteElo "1178"]
[LiveChessVersion "1.4.8"]

1. d4 d5 {[%clk 1:30:53]} 2. Nf3 {[%clk 1:31:22]} Nf6 {[%clk 1:31:17]} 3. Bf4
{[%clk 1:31:46]} c6 {[%clk 1:31:38]} 4. e3 {[%clk 1:32:05]} Bf5 {[%clk 1:31:58]}
5. Nbd2 {[%clk 1:32:20]} e6 {[%clk 1:31:59]} 6. c4 {[%clk 1:32:32]} Qb6
{[%clk 1:31:43]} 7. Qb3 {[%clk 1:32:14]} Nbd7 {[%clk 1:31:59]} 8. Be2
{[%clk 1:31:37]} Be7 {[%clk 1:32:24]} 9. O-O {[%clk 1:31:57]} O-O
{[%clk 1:32:37]} 10. Rac1 {[%clk 1:31:05]} Nh5 {[%clk 1:32:06]} 11. Be5
{[%clk 1:29:26]} Nhf6 {[%clk 1:28:29]} 12. Rfd1 {[%clk 1:26:51]} Nxe5
{[%clk 1:25:36]} 13. Nxe5 {[%clk 1:27:04]} Rfe8 {[%clk 1:25:35]} 14. h3
{[%clk 1:21:27]} Ne4 {[%clk 1:20:45]} 15. cxd5 {[%clk 1:19:08]} exd5
{[%clk 1:19:19]} 16. Nef3 {[%clk 1:10:28]} Bg6 {[%clk 1:13:25]} 17. a3
{[%clk 1:07:21]} f5 {[%clk 1:05:55]} 18. Bd3 {[%clk 1:03:36]} Kh8
{[%clk 0:59:18]} 19. g3 {[%clk 0:58:48]} Bh5 {[%clk 0:50:39]} 20. Qc2
{[%clk 0:57:33]} Nxd2 {[%clk 0:44:09]} 21. Nxd2 {[%clk 0:54:04]} Bxd1
{[%clk 0:44:31]} 22. Rxd1 {[%clk 0:54:28]} g6 {[%clk 0:44:49]} 23. Nf3
{[%clk 0:52:40]} Bf6 {[%clk 0:41:33]} 24. b4 {[%clk 0:51:06]} a5 {[%clk 0:37:46]}
25. Rb1 {[%clk 0:47:37]} axb4 {[%clk 0:32:52]} 26. axb4 {[%clk 0:47:59]} Rec8
{[%clk 0:30:18]} 27. Qd2 {[%clk 0:45:14]} Qa7 {[%clk 0:27:12]} 28. b5
{[%clk 0:44:39]} Qa2 {[%clk 0:26:25]} 29. Rb2 {[%clk 0:44:01]} Qa5
{[%clk 0:26:21]} 30. Qd1 {[%clk 0:43:51]} c5 {[%clk 0:24:28]} 31. dxc5
{[%clk 0:42:59]} Bxb2 {[%clk 0:24:22]} 32. Qb3 {[%clk 0:42:39]} Qa3
{[%clk 0:22:43]} 33. Qxd5 {[%clk 0:42:53]} Qxc5 {[%clk 0:22:21]} 34. Qf7
{[%clk 0:43:15]} Qc7 {[%clk 0:21:56]} 35. Qe6 {[%clk 0:43:22]} Bg7
{[%clk 0:22:03]} 36. Ng5 {[%clk 0:43:18]} Rf8 {[%clk 0:21:02]} 37. Bc4
{[%clk 0:43:28]} h6 {[%clk 0:21:08]} 38. Nf7+ {[%clk 0:43:42]} Kh7
{[%clk 0:21:23]} 39. b6 {[%clk 0:43:22]} Qc6 {[%clk 0:20:40]} 40. Qe7
{[%clk 0:42:23]} Ra1+ {[%clk 0:20:26]} 41. Bf1 {[%clk 0:42:31]} Qc1
{[%clk 0:17:22]} 42. g4 {[%clk 0:41:41]} Qxf1+ {[%clk 0:17:42]} 43. Kh2
{[%clk 0:42:03]} Qg1# {[%clk 0:18:08]} 0-1

[Event "EUCC 2023 - U12"]
[Site "Kouty nad Desnou"]
[Date "2023.08.22"]
[Round "7.14"]
[White "Novotny, Adam"]
[Black "Levchenko, Alisa"]
[Result "1-0"]
[BlackElo "1151"]
[WhiteElo "1117"]
[LiveChessVersion "1.4.8"]

1. e4 {[%clk 1:30:55]} e6 {[%clk 1:30:52]} 2. d4 {[%clk 1:30:43]} d5
{[%clk 1:31:10]} 3. e5 {[%clk 1:30:46]} c5 {[%clk 1:31:31]} 4. c3
{[%clk 1:30:36]} Nc6 {[%clk 1:31:34]} 5. Nf3 {[%clk 1:29:56]} Qb6
{[%clk 1:31:13]} 6. a3 {[%clk 1:28:36]} c4 {[%clk 1:29:38]} 7. Nbd2
{[%clk 1:25:44]} Nge7 {[%clk 1:28:08]} 8. Be2 {[%clk 1:24:05]} Bd7
{[%clk 1:26:11]} 9. O-O {[%clk 1:20:50]} Nc8 {[%clk 1:19:44]} 10. Re1
{[%clk 1:13:45]} Be7 {[%clk 1:18:58]} 11. Nf1 {[%clk 1:11:35]} Na5
{[%clk 1:17:23]} 12. Ng3 {[%clk 1:06:41]} Nb3 {[%clk 1:14:19]} 13. Rb1
{[%clk 1:05:18]} Nxc1 {[%clk 1:11:15]} 14. Qxc1 {[%clk 1:03:02]} h6
{[%clk 1:07:49]} 15. Bd1 {[%clk 0:59:58]} Qa6 {[%clk 0:53:30]} 16. Nh5
{[%clk 0:53:15]} g6 {[%clk 0:47:37]} 17. Nf6+ {[%clk 0:47:21]} Bxf6
{[%clk 0:45:19]} 18. exf6 {[%clk 0:47:32]} Ba4 {[%clk 0:43:32]} 19. Bxa4+
{[%clk 0:44:48]} Qxa4 {[%clk 0:43:51]} 20. Qf4 {[%clk 0:42:55]} Qc6
{[%clk 0:40:19]} 21. b3 {[%clk 0:38:12]} cxb3 {[%clk 0:35:58]} 22. Rxb3
{[%clk 0:36:19]} Qd6 {[%clk 0:34:28]} 23. Qe5 {[%clk 0:30:01]} Qxe5
{[%clk 0:29:47]} 24. dxe5 {[%clk 0:30:10]} Nb6 {[%clk 0:29:53]} 25. Reb1
{[%clk 0:29:32]} O-O {[%clk 0:28:36]} 26. Nd4 {[%clk 0:27:30]} Nc4
{[%clk 0:27:25]} 27. Rxb7 {[%clk 0:25:05]} Nxa3 {[%clk 0:27:47]} 28. Ra1
{[%clk 0:25:03]} Nc4 {[%clk 0:27:14]} 29. Raxa7 {[%clk 0:22:41]} Rxa7
{[%clk 0:23:35]} 30. Rxa7 {[%clk 0:22:51]} Nxe5 {[%clk 0:23:17]} 31. f3
{[%clk 0:20:25]} Rc8 {[%clk 0:15:41]} 32. Nb5 {[%clk 0:19:51]} Rc5
{[%clk 0:12:33]} 33. Nd6 {[%clk 0:17:50]} Rxc3 {[%clk 0:10:46]} 34. f4
{[%clk 0:16:42]} Nd3 {[%clk 0:11:11]} 35. h3 {[%clk 0:15:34]} Nxf4
{[%clk 0:10:43]} 36. Ra8+ {[%clk 0:15:10]} Kh7 {[%clk 0:10:39]} 37. Nxf7
{[%clk 0:15:08]} g5 {[%clk 0:10:05]} 38. Ne5 {[%clk 0:12:14]} Rc7
{[%clk 0:06:52]} 39. f7 {[%clk 0:10:22]} Ng6 {[%clk 0:06:42]} 40. Nxg6
{[%clk 0:09:35]} Rxf7 {[%clk 0:07:01]} 41. Ne5 {[%clk 0:09:32]} Rf5
{[%clk 0:06:07]} 42. Ra7+ {[%clk 0:09:45]} Kg8 {[%clk 0:05:59]} 43. Ng4
{[%clk 0:09:55]} Rf8 {[%clk 0:05:18]} 44. Nxh6+ {[%clk 0:09:58]} Kh8
{[%clk 0:05:17]} 45. Nf7+ {[%clk 0:09:46]} Kg7 {[%clk 0:04:40]} 46. Nxg5+
{[%clk 0:09:38]} Kf6 {[%clk 0:04:52]} 47. Nh7+ {[%clk 0:09:57]} Ke5
{[%clk 0:05:01]} 48. Nxf8 {[%clk 0:10:14]} d4 {[%clk 0:05:21]} 49. Nxe6
{[%clk 0:10:09]} Kxe6 {[%clk 0:05:32]} 50. Ra5 {[%clk 0:10:26]} d3
{[%clk 0:05:40]} 51. Kf2 {[%clk 0:10:35]} d2 {[%clk 0:05:54]} 52. Ke2
{[%clk 0:10:59]} d1=Q+ 53. Kxd1 Kf6 {[%clk 0:06:01]} 54. Ke2 {[%clk 0:11:06]} Kg6
{[%clk 0:06:23]} 55. Kf3 {[%clk 0:11:30]} Kh6 {[%clk 0:06:45]} 56. Kg4
{[%clk 0:11:37]} Kg6 {[%clk 0:07:08]} 57. Ra6+ {[%clk 0:12:01]} Kf7
{[%clk 0:07:35]} 58. Kf5 {[%clk 0:12:17]} Ke7 {[%clk 0:07:48]} 59. Rh6
{[%clk 0:12:30]} Kd7 {[%clk 0:08:06]} 60. Ke5 {[%clk 0:12:49]} Kc7
{[%clk 0:08:26]} 61. Kd5 {[%clk 0:11:54]} Kb7 {[%clk 0:08:48]} 62. Kc5
{[%clk 0:12:17]} Ka7 {[%clk 0:09:06]} 63. Kb5 {[%clk 0:12:39]} Kb7
{[%clk 0:09:10]} 64. Rh7+ {[%clk 0:12:59]} Kc8 {[%clk 0:09:34]} 65. Kc6
{[%clk 0:13:18]} Kd8 {[%clk 0:09:55]} 66. Ra7 {[%clk 0:13:42]} Ke8
{[%clk 0:10:18]} 67. Kd6 {[%clk 0:14:06]} Kf8 {[%clk 0:10:39]} 68. Ke6
{[%clk 0:14:29]} Kg8 {[%clk 0:10:16]} 69. Kf6 {[%clk 0:14:50]} Kh8
{[%clk 0:10:17]} 70. Kg6 {[%clk 0:15:15]} Kg8 {[%clk 0:10:28]} 71. Ra8#
{[%clk 0:15:37]} 1-0

[Event "EUCC 2023 - U12"]
[Site "Kouty nad Desnou"]
[Date "2023.08.23"]
[Round "8.1"]
[White "Constantinoiu, Alexandru Ioan"]
[Black "Ochedzan, Filip"]
[Result "0-1"]
[BlackElo "1711"]
[WhiteElo "1687"]
[LiveChessVersion "1.4.8"]

1. e4 {[%clk 1:30:57]} c5 {[%clk 1:30:52]} 2. Nf3 {[%clk 1:31:19]} d6
{[%clk 1:31:15]} 3. d4 {[%clk 1:31:44]} cxd4 {[%clk 1:31:41]} 4. Nxd4
{[%clk 1:32:07]} Nf6 {[%clk 1:32:06]} 5. Nc3 {[%clk 1:32:28]} a6 {[%clk 1:32:19]}
6. Bg5 {[%clk 1:32:49]} e6 {[%clk 1:32:41]} 7. f4 {[%clk 1:33:14]} Be7
{[%clk 1:33:04]} 8. Qe2 {[%clk 1:33:22]} h6 {[%clk 1:30:26]} 9. Bxf6
{[%clk 1:31:43]} Bxf6 {[%clk 1:30:34]} 10. O-O-O {[%clk 1:31:09]} Qc7
{[%clk 1:28:50]} 11. g4 {[%clk 1:29:48]} b5 {[%clk 1:11:39]} 12. a3
{[%clk 1:28:48]} Bb7 {[%clk 1:10:46]} 13. Bg2 {[%clk 1:26:50]} Nd7
{[%clk 1:07:17]} 14. e5 {[%clk 1:12:58]} dxe5 {[%clk 0:47:14]} 15. Ndxb5
{[%clk 1:12:33]} axb5 {[%clk 0:47:32]} 16. Nxb5 {[%clk 1:12:39]} Qb6
{[%clk 0:46:57]} 17. Bxb7 {[%clk 1:11:13]} Rb8 {[%clk 0:46:12]} 18. Nd6+
{[%clk 0:52:05]} Ke7 {[%clk 0:45:36]} 19. Qd2 {[%clk 0:50:08]} exf4
{[%clk 0:37:32]} 20. Qb4 {[%clk 0:29:05]} Qxb4 {[%clk 0:34:20]} 21. axb4
{[%clk 0:29:29]} Rhd8 {[%clk 0:29:05]} 22. c4 {[%clk 0:22:11]} Be5
{[%clk 0:28:26]} 23. c5 {[%clk 0:18:08]} Bxd6 {[%clk 0:27:49]} 24. cxd6+
{[%clk 0:18:22]} Kf6 {[%clk 0:28:09]} 25. Be4 {[%clk 0:15:56]} Rxb4
{[%clk 0:28:02]} 26. Rhe1 {[%clk 0:16:08]} Nc5 {[%clk 0:23:06]} 27. Bg2
{[%clk 0:13:40]} Rb6 {[%clk 0:21:50]} 28. Rf1 {[%clk 0:12:27]} g5
{[%clk 0:21:52]} 29. Kc2 {[%clk 0:11:53]} Rbxd6 {[%clk 0:21:17]} 30. Rxd6
{[%clk 0:11:52]} Rxd6 {[%clk 0:21:45]} 31. b4 {[%clk 0:11:36]} Nd7
{[%clk 0:20:50]} 32. b5 {[%clk 0:11:05]} Rb6 {[%clk 0:19:01]} 33. Rb1
{[%clk 0:11:15]} Ne5 {[%clk 0:19:05]} 34. Kc3 {[%clk 0:07:48]} Nxg4
{[%clk 0:16:31]} 35. Kb4 {[%clk 0:07:26]} Nxh2 {[%clk 0:15:08]} 36. Rh1
{[%clk 0:06:37]} Ng4 {[%clk 0:13:18]} 37. Ka5 {[%clk 0:06:49]} Rb8
{[%clk 0:13:37]} 38. Ka6 {[%clk 0:06:52]} Ne3 {[%clk 0:09:54]} 39. Bb7
{[%clk 0:06:29]} Nc4 {[%clk 0:09:19]} 40. Ka7 {[%clk 0:05:23]} Rd8
{[%clk 0:09:01]} 41. Rxh6+ {[%clk 0:04:36]} Kf5 {[%clk 0:08:39]} 42. Rh1
{[%clk 0:03:54]} g4 {[%clk 0:07:53]} 43. Rh7 {[%clk 0:03:34]} Nd6
{[%clk 0:07:12]} 44. Bc6 {[%clk 0:03:37]} f3 {[%clk 0:05:25]} 45. b6
{[%clk 0:03:41]} f2 {[%clk 0:05:40]} 46. Bg2 {[%clk 0:03:51]} Rd7+
{[%clk 0:05:02]} 47. Ka8 {[%clk 0:03:57]} Kf4 {[%clk 0:03:34]} 48. Rh1
{[%clk 0:03:57]} e5 {[%clk 0:02:59]} 49. Bc6 {[%clk 0:04:06]} Rd8+
{[%clk 0:02:55]} 50. Ka7 {[%clk 0:04:25]} Nc8+ {[%clk 0:02:41]} 51. Kb7
{[%clk 0:04:50]} Nxb6 {[%clk 0:02:50]} 52. Kxb6 {[%clk 0:05:15]} e4
{[%clk 0:03:12]} 53. Kc5 {[%clk 0:05:37]} e3 {[%clk 0:03:06]} 54. Rf1
{[%clk 0:05:55]} g3 {[%clk 0:03:19]} 55. Bg2 {[%clk 0:06:11]} e2 {[%clk 0:03:34]}
56. Ra1 {[%clk 0:06:37]} e1=Q {[%clk 0:03:49]} 57. Rxe1 {[%clk 0:07:03]} fxe1=Q
{[%clk 0:04:05]} 58. Kb6 {[%clk 0:07:29]} Qf2+ {[%clk 0:04:17]} 59. Kc7
{[%clk 0:07:51]} Qxg2 {[%clk 0:04:27]} 60. Kxd8 {[%clk 0:08:16]} Qb7
{[%clk 0:04:24]} 61. Ke8 {[%clk 0:08:38]} f5 {[%clk 0:04:39]} 62. Kd8
{[%clk 0:09:04]} Ke5 {[%clk 0:05:01]} 63. Ke8 {[%clk 0:09:30]} Ke6
{[%clk 0:05:21]} 64. Kd8 {[%clk 0:09:57]} Qd7# {[%clk 0:05:40]} 0-1

[Event "EUCC 2023 - U12"]
[Site "Kouty nad Desnou"]
[Date "2023.08.23"]
[Round "8.2"]
[White "Dodoi, Matei-Teodor"]
[Black "Muller-Moingt, Bastien"]
[Result "0-1"]
[BlackElo "1858"]
[WhiteElo "1884"]
[LiveChessVersion "1.4.8"]

1. d4 {[%clk 1:30:57]} e6 {[%clk 1:30:57]} 2. c4 {[%clk 1:31:18]} Nf6
{[%clk 1:31:14]} 3. Nf3 {[%clk 1:31:39]} Bb4+ {[%clk 1:31:27]} 4. Bd2
{[%clk 1:31:59]} Qe7 {[%clk 1:31:31]} 5. g3 {[%clk 1:31:49]} Bxd2+
{[%clk 1:30:47]} 6. Qxd2 {[%clk 1:32:00]} Nc6 {[%clk 1:29:58]} 7. Nc3
{[%clk 1:30:32]} d5 {[%clk 1:29:16]} 8. cxd5 {[%clk 1:26:47]} exd5
{[%clk 1:29:02]} 9. Bg2 {[%clk 1:26:29]} O-O 10. Qc2 {[%clk 1:23:56]} Bg4
{[%clk 1:22:57]} 11. Rd1 {[%clk 1:19:54]} Rfe8 {[%clk 1:15:33]} 12. O-O
{[%clk 1:18:09]} a6 {[%clk 1:10:18]} 13. a3 {[%clk 1:01:21]} Qd7 {[%clk 0:55:45]}
14. Qb3 {[%clk 0:51:25]} Qd6 {[%clk 0:42:55]} 15. h3 {[%clk 0:38:47]} Bd7
{[%clk 0:38:14]} 16. e3 {[%clk 0:34:35]} Na5 {[%clk 0:31:46]} 17. Qc2
{[%clk 0:29:34]} h6 {[%clk 0:27:59]} 18. Ne5 {[%clk 0:26:59]} Bb5
{[%clk 0:20:20]} 19. Rfe1 {[%clk 0:16:43]} c5 {[%clk 0:16:25]} 20. Nf3
{[%clk 0:13:19]} c4 {[%clk 0:16:08]} 21. Ne5 {[%clk 0:11:32]} Bc6
{[%clk 0:13:20]} 22. Qf5 {[%clk 0:08:53]} Qe6 {[%clk 0:12:01]} 23. Qxe6
{[%clk 0:07:01]} Rxe6 {[%clk 0:12:14]} 24. Nxc6 {[%clk 0:04:52]} bxc6
{[%clk 0:12:43]} 25. e4 {[%clk 0:04:55]} Rae8 {[%clk 0:09:13]} 26. e5
{[%clk 0:05:04]} Nd7 {[%clk 0:09:29]} 27. f4 {[%clk 0:05:13]} Nb6
{[%clk 0:07:10]} 28. f5 {[%clk 0:04:26]} R6e7 {[%clk 0:07:39]} 29. Re2
{[%clk 0:04:17]} Nb3 {[%clk 0:07:52]} 30. Kf2 {[%clk 0:04:03]} a5
{[%clk 0:06:23]} 31. g4 {[%clk 0:04:06]} Kf8 {[%clk 0:04:58]} 32. h4
{[%clk 0:03:45]} f6 {[%clk 0:03:08]} 33. e6 {[%clk 0:04:03]} g6 {[%clk 0:02:54]}
34. Bh3 {[%clk 0:03:18]} Kg7 {[%clk 0:03:07]} 35. Kg3 {[%clk 0:01:51]} g5
{[%clk 0:02:05]} 36. Rh2 {[%clk 0:01:49]} Rh8 {[%clk 0:02:30]} 37. Bg2
{[%clk 0:01:45]} Ree8 {[%clk 0:02:26]} 38. Bf3 {[%clk 0:01:32]} Re7
{[%clk 0:02:33]} 39. Kf2 {[%clk 0:01:28]} Rd8 {[%clk 0:01:31]} 40. hxg5
{[%clk 0:00:58]} fxg5 {[%clk 0:01:45]} 41. f6+ {[%clk 0:00:37]} Kxf6
{[%clk 0:02:07]} 42. Rxh6+ {[%clk 0:01:04]} Kg7 {[%clk 0:02:33]} 43. Rdh1
{[%clk 0:00:41]} Rg8 44. Ne2 {[%clk 0:00:45]} Na4 {[%clk 0:01:35]} 45. Ng3
{[%clk 0:00:40]} Kf8 {[%clk 0:01:57]} 46. Nf5 {[%clk 0:01:03]} Nxb2
{[%clk 0:01:15]} 47. Nxe7 {[%clk 0:00:43]} Kxe7 {[%clk 0:01:44]} 48. Rh7+
{[%clk 0:00:46]} Kd6 {[%clk 0:02:13]} 49. Rb7 {[%clk 0:00:49]} Re8
{[%clk 0:02:08]} 50. Rhh7 {[%clk 0:00:49]} Nd3+ {[%clk 0:02:22]} 51. Kg3
{[%clk 0:00:57]} Nxd4 {[%clk 0:02:41]} 52. e7 {[%clk 0:00:42]} c3
{[%clk 0:02:33]} 53. Rh6+ {[%clk 0:00:36]} Ne6 {[%clk 0:02:42]} 54. Bd1
{[%clk 0:00:40]} Rxe7 {[%clk 0:02:48]} 55. Rb3 {[%clk 0:00:35]} d4
{[%clk 0:03:03]} 56. Bc2 {[%clk 0:00:38]} Ndc5 {[%clk 0:03:27]} 57. Rb1
{[%clk 0:00:40]} Kc7 {[%clk 0:03:35]} 58. Bf5 {[%clk 0:00:33]} d3
{[%clk 0:03:20]} 59. Rh2 {[%clk 0:00:35]} Nd4 {[%clk 0:02:38]} 60. Rh8 Nxf5+
{[%clk 0:02:46]} 61. gxf5 {[%clk 0:01:02]} c2 {[%clk 0:03:09]} 62. Rbb8
{[%clk 0:00:56]} c1=Q {[%clk 0:03:26]} 63. Rhc8+ {[%clk 0:01:09]} Kd6
{[%clk 0:03:55]} 64. Rd8+ {[%clk 0:01:28]} Ke5 {[%clk 0:04:24]} 65. f6
{[%clk 0:01:25]} Qf4+ {[%clk 0:04:48]} 66. Kg2 {[%clk 0:01:38]} Rh7
{[%clk 0:05:10]} 67. Re8+ {[%clk 0:02:02]} Ne6 {[%clk 0:05:33]} 0-1